000 00436nam a22001697a 4500
005 20250825161030.0
008 250825b |||||||| |||| 00| 0 eng d
020 _a9789394887404
041 _aeng
082 _a658.11 NAG
100 _aNagesh, B S
245 _aSERVE: Business from the heart The SHOPPERS STOP
260 _aMaharashtra
_bCrossword
_c2024
300 _a224;. p. 21 cm
650 _aEntrepreneurship
942 _cBK
999 _c46486
_d46486